[Event "Warsaw Maciei Memorial"]
[Site "Warsaw"]
[Date "2022.07.08"]
[Round "6"]
[White "Karolczuk, Iwo"]
[Black "Chiszko, Oskar"]
[Result "1-0"]
[WhiteElo "2319"]
[BlackElo "1446"]
[PlyCount "109"]
[EventDate "2022.07.08"]
[EventType "swiss (blitz)"]
[EventRounds "11"]
[EventCountry "POL"]
[SourceTitle "CBM 209 Extra"]
[Source "ChessBase"]
[SourceDate "2022.09.30"]
[SourceVersion "1"]
[SourceVersionDate "2022.09.30"]
[SourceQuality "1"]

1. d4 Nf6 2. Nf3 g6 3. c3 Bg7 4. Bf4 0-0 5. e3 d5 6. Be2 Nbd7 7. Nbd2 e6 8. b4 b6 9. h3 Bb7 10. 0-0 Rc8 11. a4 c5 12. a5 c4 13. axb6 axb6 14. Ra7 Bc6 15. Qc2 b5 16. Ne5 Nxe5 17. Bxe5 Nd7 18. Bxg7 Kxg7 19. Bf3 f5 20. Rfa1 Rc7 21. R7a6 Rc8 22. R1a5 Nb6 23. Bd1 Rf7 24. Nf3 Nd7 25. Qa2 Qc7 26. Ra7 Qd6 27. R5a6 Re7 28. h4 h6 29. Qa5 Kf6 30. Qxb5 Nb8 31. Rxe7 Qxe7 32. Rxc6 Nxc6 33. Ba4 g5 34. Qa6 Qc7 35. b5 Nb8 36. Qa8 Nd7 37. Qc6 Qxc6 38. bxc6 Nb6 39. Bb5 Na8 40. Ne5 Nc7 41. Ba4 g4 42. f3 h5 43. fxg4 fxg4 44. Bc2 Ra8 45. Bg6 Rh8 46. Kh2 Nb5 47. Bc2 Nc7 48. Bg6 Nb5 49. Bc2 Nc7 50. Kg3 Nb5 51. Nd7+ Ke7 52. Ne5 Nxc3 53. Ng6+ Kf6 54. Nxh8 Ne2+ 55. Kf2 1-0

[Event "POL-ch U10"]
[Site "Jastrzebia Gora"]
[Date "2022.03.15"]
[Round "8"]
[White "Chiszko, Oskar"]
[Black "Ejsymont, Eryk"]
[Result "1-0"]
[WhiteElo "1477"]
[BlackElo "1234"]
[PlyCount "73"]
[EventDate "2022.03.08"]
[EventType "swiss"]
[EventRounds "9"]
[EventCountry "POL"]
[SourceTitle "EXT 2023"]
[Source "ChessBase"]
[SourceDate "2022.10.05"]
[SourceVersion "1"]
[SourceVersionDate "2022.10.05"]
[SourceQuality "1"]

1. d4 Nf6 2. c4 e6 3. Nc3 Bb4 4. Qc2 Nc6 5. Nf3 d5 6. a3 Bxc3+ 7. Qxc3 0-0 8. Bf4 Bd7 9. e3 Ne4 10. Qc2 a5 11. Bd3 f5 12. h4 Nf6 13. b3 Na7 14. 0-0 c6 15. c5 b6 16. b4 b5 17. Ne5 Nc8 18. Bh2 Nh5 19. g4 Nf6 20. gxf5 exf5 21. Bxf5 Bxf5 22. Qxf5 Qe8 23. Qh3 Ne4 24. f3 Nd2 25. Rf2 Nc4 26. bxa5 Rxa5 27. Nxc4 dxc4 28. Be5 b4 29. Qf1 bxa3 30. Qxc4+ Qf7 31. Qc3 Qa7 32. Qb3+ Kh8 33. Rg2 Rg8 34. h5 h6 35. Rg6 Kh7 36. Qd3 Ne7 37. Rxg7+ 1-0

[Event "POL-ch U10"]
[Site "Jastrzebia Gora"]
[Date "2022.03.12"]
[Round "4"]
[White "Chiszko, Oskar"]
[Black "Zawal, Krzysztof"]
[Result "1-0"]
[WhiteElo "1477"]
[BlackElo "1354"]
[PlyCount "57"]
[EventDate "2022.03.08"]
[EventType "swiss"]
[EventRounds "9"]
[EventCountry "POL"]
[SourceTitle "EXT 2023"]
[Source "ChessBase"]
[SourceDate "2022.10.05"]
[SourceVersion "1"]
[SourceVersionDate "2022.10.05"]
[SourceQuality "1"]

1. d4 d5 2. Bf4 Nf6 3. e3 Bf5 4. c4 c6 5. Nc3 e6 6. Qb3 Qb6 7. c5 Qxb3 8. axb3 Nbd7 9. h3 b6 10. b4 bxc5 11. bxc5 Nb8 12. Ba6 Nxa6 13. Rxa6 Rc8 14. Rxa7 Nh5 15. Bh2 Bd3 16. Nge2 Nf6 17. Kd2 Ne4+ 18. Nxe4 dxe4 19. Nc3 f6 20. Rha1 Rd8 21. Ra8 Be7 22. Bc7 Kf7 23. Bxd8 Rxd8 24. Rxd8 Bxd8 25. Ra7+ Be7 26. Rc7 Ke8 27. Rxc6 Kd7 28. Rb6 Kc7 29. Rxe6 1-0

[Event "POL-ch U10"]
[Site "Jastrzebia Gora"]
[Date "2022.03.12"]
[Round "5"]
[White "Golis, Wiktor"]
[Black "Chiszko, Oskar"]
[Result "1/2-1/2"]
[WhiteElo "1712"]
[BlackElo "1477"]
[PlyCount "67"]
[EventDate "2022.03.08"]
[EventType "swiss"]
[EventRounds "9"]
[EventCountry "POL"]
[SourceTitle "EXT 2023"]
[Source "ChessBase"]
[SourceDate "2022.10.05"]
[SourceVersion "1"]
[SourceVersionDate "2022.10.05"]
[SourceQuality "1"]

1. e4 c6 2. d4 d5 3. Nc3 dxe4 4. Nxe4 Bf5 5. Ng3 Bg6 6. h4 h6 7. Nf3 Nd7 8. h5 Bh7 9. Bd3 Bxd3 10. Qxd3 e6 11. Bd2 Ngf6 12. 0-0-0 Be7 13. Kb1 Qc7 14. Rhe1 0-0-0 15. c4 Bd6 16. Ne4 Nxe4 17. Qxe4 Nf6 18. Qh4 c5 19. Bc3 Be7 20. Qh3 Kb8 21. dxc5 Ka8 22. b4 Qf4 23. Kb2 Ne4 24. Rxd8+ Rxd8 25. Qh2 Qxh2 26. Nxh2 Nxc3 27. Kxc3 Bf6+ 28. Kb3 Rd3+ 29. Ka4 Rd2 30. a3 Rxf2 31. Ng4 Rxg2 32. Nxf6 gxf6 33. Rd1 Kb8 34. Rd7 1/2-1/2

[Event "POL-ch U10"]
[Site "Jastrzebia Gora"]
[Date "2022.03.09"]
[Round "2"]
[White "Chiszko, Oskar"]
[Black "Trusewicz, Remigiusz"]
[Result "1-0"]
[WhiteElo "1477"]
[BlackElo "1169"]
[PlyCount "97"]
[EventDate "2022.03.08"]
[EventType "swiss"]
[EventRounds "9"]
[EventCountry "POL"]
[SourceTitle "EXT 2023"]
[Source "ChessBase"]
[SourceDate "2022.10.05"]
[SourceVersion "1"]
[SourceVersionDate "2022.10.05"]
[SourceQuality "1"]

1. d4 Nf6 2. c4 e6 3. Nc3 Bb4 4. f3 d5 5. a3 Be7 6. e4 dxe4 7. fxe4 c5 8. d5 exd5 9. cxd5 0-0 10. Nf3 Bg4 11. Bd3 Bd6 12. 0-0 a6 13. h3 Bh5 14. g4 c4 15. Bxc4 Bg6 16. e5 Bc5+ 17. Kg2 Ne4 18. Qe2 Nxc3 19. bxc3 b5 20. Bb3 Nd7 21. Bf4 Kh8 22. h4 f5 23. g5 Re8 24. Nd4 Nb6 25. Qf3 Bf7 26. e6 Bg8 27. Nxf5 Rf8 28. Be5 Ra7 29. Nxg7 Rxg7 30. Qe4 Bd6 31. Bxg7+ Kxg7 32. Qd4+ Kg6 33. Bc2+ Kh5 34. Rf6 Rxf6 35. gxf6 Bxe6 36. Bd1+ Kg6 37. dxe6 Qa8+ 38. Bf3 Qb8 39. h5+ Kh6 40. f7 Be5 41. f8Q+ Qxf8 42. Qxe5 Qg8+ 43. Kf2 Qf8 44. e7 Qf7 45. e8Q Nc4 46. Qxf7 Nxe5 47. Qf6+ Ng6 48. hxg6 hxg6 49. Rh1# 1-0

[Event "POL-ch U10"]
[Site "Jastrzebia Gora"]
[Date "2021.??.??"]
[Round "9"]
[White "Rozanski, Mateusz"]
[Black "Chiszko, Oskar"]
[Result "1-0"]
[WhiteElo "1356"]
[BlackElo "1345"]
[PlyCount "47"]
[EventDate "2021.02.28"]
[EventType "swiss"]
[EventRounds "9"]
[EventCountry "POL"]
[SourceTitle "EXT 2022"]
[Source "ChessBase"]
[SourceDate "2021.10.06"]
[SourceVersion "1"]
[SourceVersionDate "2021.10.06"]
[SourceQuality "1"]

1. e4 c5 2. Nf3 d6 3. d4 cxd4 4. Nxd4 Nf6 5. Nc3 a6 6. Bg5 e6 7. f4 Be7 8. Qe2 0-0 9. 0-0-0 b5 10. a3 Bb7 11. e5 Nd5 12. Bxe7 Qxe7 13. Nxd5 Bxd5 14. h4 Nd7 15. Rh3 dxe5 16. fxe5 Qc5 17. Qe3 Rfc8 18. Rg3 Kh8 19. Qg5 Qf8 20. Bd3 f6 21. Qh5 f5 22. Nxf5 exf5 23. Bxf5 Bg8 24. Rxd7 1-0